000 00289nam a2200097Ia 4500
008 220204s9999 xx 000 0 und d
082 _a362
_bTRA
245 0 _aTravancore Cochin literary scientific and charitable societies registration act, 1955
260 _aKerala
_bGovt
_c1974
942 _cBK
999 _c25925
_d25925